01141 2200349 4500001002100000005001500021035002000036007000300056008004100059020002200100040002200122082001700144084001900161090002300180090002200203100003700225245012800262250003400390300004400424650002000468650003000488700002700518700002600545850001200571264003500583264005500618336002100673337003000694338002300724999002200747990002200769INLIS00000000085602420200707010850 a0010-0720000237ta200707t2019 yoia g 0bind d a978-602-1379-55-4 aYOPDYOGbinderda04223a899.2213 a899.2213 AHM j aDEP 899.2213 AHM j aCB-D.11 2019-28410 aAhmad Sarwono bin Zahirepenulis10aJenderal Sudirman reborn :bindonesia merdeka 100% /cpenulis, Ahmad Sarwono bin Zahir, Agung Mustofa; penyunting, M. A'mal aCetakan pertama, Agustus 2019 aviii, 137 halaman :bilustrasi ;c24 cm 4aFiksi Indonesia 4aBiografi Jendral Sudirman0 aAgung Mustofaepenulis aA'mal, M.epenyunting aYOPDYOG 1aYogyakarta :bNagamedia,c2019 3aBantul :bPercetakan Jogja Offset Kreasindo,c2019 2rdacontentateks 2rdamediaatanpa perantara 2rdacarrieravolume aCB-D.11/2019-2841 aCB-D.11/2019-2841